Tielhof, Milja van. De Hollandse graanhandel, 1470-1570. - Den Haag. - 1995 [Rezension]
| Titel: | Tielhof, Milja van. De Hollandse graanhandel, 1470-1570. - Den Haag. - 1995 [Rezension] |
|---|---|
| Verfasser: | |
| In: |
Vierteljahrschrift für Sozial- und Wirtschaftsgeschichte, Band 86 (1999), Seite 572-573 alle Artikel anzeigen |
| Veröffentlicht: | 1999 |
| Format: | Aufsatz |
| Sprache: | Deutsch |
X
alg: 39503440 001A $01999:12-11-16 001B $01999:04-08-21 $t21:02:42.000 001D $01999:12-11-16 001U $0utf8 001X $00 002@ $0Aox 003@ $039503440X 007A $039503440X $aHEB 007T $0Herd32916 010@ $ager 011@ $a1999 021A $aTielhof, Milja van. De @Hollandse graanhandel, 1470-1570. - Den Haag. - 1995 [Rezension] 028A $aNoordegraaf $dLeo 031A $d86 $h572-573 $j1999 039B $aIn $8--Abvc--. Vierteljahrschrift für Sozial- und Wirtschaftsgeschichte. - Stuttgart : Steiner, 1903-. - ISSN 0042-5699 $x199900000860000428 $9047251867 039T $8--Aax--Tielhof, Milja$cvan$Z1963- [Tp3]. De @Hollandse graanhandel, 1470-1570. - Den Haag, 1995. - X, 280 S. $9395339286 045F $a900.94382 $eDDC23BSB 045F/01 $a900 045F/03 $g4382 045F/03 $g43832 lok: 39503440 78 exp: 39503440 78 1 #EPN 201B/01 $018-11-16 $t13:32:51.000 201U/01 $0utf8 203@/01 $0791333019 208@/01 $a12-11-16 $be 209A/01 $a/ $f000 $x00 220C/01 $aTitelaufnehmer: nk 244Z/01 $2Trx $#Prusy Wschodnie i Zachodnie $8--Trx--Ost- und Westpreußen $x01 $939113373X 244Z/01 $2Trx $#arvustused $#recenzijos $#Reviews $#recenziók $#recenzje $#recenzie $#recenze $8--Trx--Rezensionen $x02 $9391357441 247C/01 $82080>Marburg/Lahn, Herder-Institut, Forschungsbibliothek, Bibliographieportal $9336309341
| LEADER | 00000caa a22000002c 4500 | ||
|---|---|---|---|
| 001 | 39503440X | ||
| 003 | DE-603 | ||
| 005 | 20210804210242.0 | ||
| 007 | tu | ||
| 008 | 161112s1999 xx |||| | u00||u|ger c | ||
| 035 | |a (DE-599)HEB39503440X | ||
| 040 | |a DE-603 |b ger |c DE-603 |d DE-603 | ||
| 041 | |a ger | ||
| 082 | 0 | 4 | |8 1\u |a 900.94382 |q DE-101 |2 23/BSB |
| 085 | |8 1\u |b 900 | ||
| 085 | |8 1\u |z 2 |s 4382 | ||
| 085 | |8 1\u |z 2 |s 43832 | ||
| 100 | 1 | |a Noordegraaf, Leo | |
| 245 | 0 | 0 | |a Tielhof, Milja van. De Hollandse graanhandel, 1470-1570. - Den Haag. - 1995 [Rezension] |
| 264 | 0 | |c 1999 | |
| 773 | 0 | 8 | |i In |t Vierteljahrschrift für Sozial- und Wirtschaftsgeschichte |d Stuttgart : Steiner, 1903- |x 0042-5699 |g Band 86 (1999), Seite 572-573 |w (DE-603)047251867 |w (DE-600)200400-8 |
| 787 | 0 | 8 | |a Tielhof, Milja van, 1963- |t De Hollandse graanhandel, 1470-1570 |d Den Haag, 1995 |h X, 280 S. |w (DE-603)395339286 |
| 924 | 0 | |9 2080 |a (DE-603)791333019 |b DE-2080 |c HES |d d |g / | |


